| 000 | 00768nam a2200265Ia 4500 | ||
|---|---|---|---|
| 003 | OSt | ||
| 005 | 20221007125738.0 | ||
| 006 | a|||||r|||| 00| 0 | ||
| 007 | ta | ||
| 008 | 221006b |||||||| |||| 00| 0 eng d | ||
| 024 | _a14656 | ||
| 037 | _cTextbook | ||
| 040 |
_aCDL _cCDL _beng |
||
| 041 |
_2eng _aeng |
||
| 082 | _aE:218, L5 TE | ||
| 100 |
_aBrand J C D _9635013 |
||
| 245 | 0 |
_aMolecular structure: the physical approach _b Speakman C |
|
| 260 |
_aLondon _bEdward Arnold (Publishers) Ltd. _c1960 |
||
| 300 |
_a312p. _ccm. |
||
| 500 | _aIndex 305-312p. | ||
| 650 |
_aMolecular structure _9713791 |
||
| 700 |
_a Speakman C _9722426 |
||
| 942 |
_hE:218, L5 TE _cTB _2CC |
||
| 999 |
_c1215800 _d1215800 |
||